00478nam a2200145Ia 4500003000900000008004100009020001800050040001600068080001700084100002100101245013400122260003500256300001500291650002600306IN-BaIIA211028s9999 xx 000 0 eng d a81-88661-08-2 cIIA Library a5:92bPAR-II aParthasarathy, R 0aPaths of innovatorsbin science, engineering and technology: vol.2cR. Parthasarathy  aChennaibEast-West Booksc2003 axxv, 147p. aScientists- biography